00513 2200193 4500001002100000005001700021008004100038020002200079035002400101040001200125082001100137090001900148245004300167260002700210300002900237650001900266850001200285990002200297YOGYA-0112000000052820120110204908.0 ind  a978-979-29-2686-6 0010-011200000000528 aYOPDYOG a005.84 aDEP 005.84 Lan aLANGKAH cerdas membasmi virus komputer aYogyakartabAndic2011 aXII, 226 hlmbilusc23cm aVirus komputer aYOPDYOG aCB-D.11 2011-1250